书目信息 |
| 题名: |
电路、电子技术实验与实训
|
|
| 作者: | 党宏社 主编 | |
| 分册: | ||
| 出版信息: | 北京 电子工业出版社 2017.3 |
|
| 页数: | 211页 | |
| 开本: | 26cm | |
| 丛书名: | ||
| 单 册: | ||
| 中图分类: | TN710-33 | |
| 科图分类: | ||
| 主题词: | 电子电路--实验--高等教育--教材 | |
| 电子资源: | ||
| ISBN: | 978-7-121-30904-5 | |
| 000 | 00949nam0 2200241 450 | |
| 001 | 0400004142 | |
| 005 | 20171023141556.0 | |
| 010 | @a978-7-121-30904-5@dCNY35.00 | |
| 100 | @a20170802d2017 em y0chiy50 ea | |
| 101 | 0 | @achi |
| 102 | @aCN@b110000 | |
| 105 | @aa z 000yy | |
| 106 | @ar | |
| 200 | 1 | @a电路、电子技术实验与实训@9dian lu 、 dian zi ji shu shi yan yu shi xun@f党宏社主编 |
| 210 | @a北京@c电子工业出版社@d2017.3 | |
| 215 | @a211页@c图@d26cm | |
| 300 | @a普通高等教育“十三五”规划教材 电子信息科学与工程类专业规划教材 | |
| 330 | @a本书共11章,涵盖了电类专业基础实验与实践性教学环节的主要方面,包括电工与电路实验、模拟电子技术实验、数字电子技术实验、电子实训等内容,同时在附录中给出了相关参考资料,为进行实验和设计提供了方便。 | |
| 606 | 0 | @a电子电路@x实验@x高等教育@j教材 |
| 690 | @aTN710-33@v5 | |
| 701 | 0 | @a党宏社@9dang hong she@f(1962.3-)@4主编 |
| 801 | 0 | @aCN@b91MARC@c20171023 |
| 905 | @b1027956-60@dTN710-33@f5@e327 | |
| 电路、电子技术实验与实训/党宏社主编.-北京:电子工业出版社,2017.3 |
| 211页:图;26cm |
| 普通高等教育“十三五”规划教材 电子信息科学与工程类专业规划教材 |
| ISBN 978-7-121-30904-5:CNY35.00 |
| 本书共11章,涵盖了电类专业基础实验与实践性教学环节的主要方面,包括电工与电路实验、模拟电子技术实验、数字电子技术实验、电子实训等内容,同时在附录中给出了相关参考资料,为进行实验和设计提供了方便。 |
| ● |
| 相关链接 |
|
|
|
|
正题名:电路、电子技术实验与实训
索取号:TN710-33/327
 
预约/预借
| 序号 | 登录号 | 条形码 | 馆藏地/架位号 | 状态 | 备注 |
| 1 | 1027956 | 210279562 | 第二样本阅览室/ [索取号:TN710-33/327] | 在馆 | |
| 2 | 1027957 | 210279571 | 密集书库-物理学院/ [索取号:TN710-33/327] | 在馆 | |
| 3 | 1027958 | 210279580 | 第三借阅区/ [索取号:TN710-33/327] | 在馆 | |
| 4 | 1027959 | 210279599 | 第三借阅区/ [索取号:TN710-33/327] | 在馆 | |
| 5 | 1027960 | 210279606 | 第三借阅区/ [索取号:TN710-33/327] | 在馆 |